00523 2200169 4500245009300000020001700093250001000110100003500120650002900155005001900184260001200203041001400215084001100229500007800240490002600318336000900344 aEnsiklopedia Al-Quran (Kehidupan Akhirat) Volume 5cMUHAMMAD KAMIL HASAN AL-MAHAMIhText a979-9979-0-1 aCet.1 aMUHAMMAD KAMIL HASAN AL-MAHAMI aEnsiklopedia Agama Islam a20231124143531 aJakarta aIndonesia a297.03 aDaftar isi : Hari Kiamat, Hisab (perhitungan), Syafaat dan Tempat Terpuji aEnsiklopedia Al-Quran atext